Country by picture of its national animal #1 - Statistics

General Stats
  • This quiz has been taken 15 times
  • The average score is 7 of 10
Answer Stats
Picture Answer % Correct
China
92%
Canada
85%
India
85%
The United States of America
85%
Madagascar
77%
France
69%
Indonesia
69%
Russia/Belarus/Finland
69%
Saudi Arabia
62%
Greece
15%
No matching quizzes found
Score Distribution
Percent of People with Each Score
Percentile by Number Answered
Your Score History
You have not taken this quiz